000
00196nam a22000977a 4500
999
_c
16066
_d
16066
003
OSt
008
191029b ||||| |||| 00| 0 eng d
100
_a
P T N.
_9
4518
245
_a
Aa Vili
942
_c
BK